[Event "Hamar op"]
[Site "Hamar"]
[Date "2008.11.20"]
[Round "6"]
[White "Ormasen, Odd Steinar"]
[Black "Kaveldiget, Frode"]
[Result "1-0"]
[WhiteElo "1752"]
[BlackElo "1505"]
[PlyCount "53"]
[EventDate "2008.09.04"]
[EventType "swiss"]
[EventRounds "7"]
[EventCountry "NOR"]
[SourceTitle "EXT 2024"]
[Source "ChessBase"]
[SourceDate "2023.10.10"]
[SourceVersion "1"]
[SourceVersionDate "2023.10.10"]
[SourceQuality "1"]

1. e4 e5 2. Nf3 f5 3. Nxe5 Qf6 4. d4 d6 5. Nc4 fxe4 6. Nc3 Qg6 7. Ne3 Nf6 8. Be2 Be7 9. Ncd5 Bd8 10. Nxf6+ Qxf6 11. 0-0 Nc6 12. c3 0-0 13. f3 Qh4 14. fxe4 Rxf1+ 15. Qxf1 Qf6 16. Bc4+ Kh8 17. Qe2 g6 18. Bd2 Qg7 19. Rf1 Bf6 20. Qf3 Bg5 21. Qf8+ Qxf8 22. Rxf8+ Kg7 23. Rg8+ Kh6 24. h4 Bxe3+ 25. Bxe3+ Kh5 26. Be2+ Kxh4 27. Kh2 1-0

[Event "Hamar op"]
[Site "Hamar"]
[Date "2008.11.06"]
[Round "5"]
[White "Kaveldiget, Frode"]
[Black "Langmyr, Asbjorn"]
[Result "1-0"]
[WhiteElo "1505"]
[BlackElo "1450"]
[PlyCount "41"]
[EventDate "2008.09.04"]
[EventType "swiss"]
[EventRounds "7"]
[EventCountry "NOR"]
[SourceTitle "EXT 2024"]
[Source "ChessBase"]
[SourceDate "2023.10.10"]
[SourceVersion "1"]
[SourceVersionDate "2023.10.10"]
[SourceQuality "1"]

1. e4 e6 2. Qe2 Bc5 3. c3 c6 4. d4 Bb6 5. Qg4 Qf6 6. Bd3 h5 7. Qg3 g6 8. Nd2 d5 9. e5 Qg7 10. Ne2 Ne7 11. Nf3 Nf5 12. Bxf5 exf5 13. Bg5 Nd7 14. Nf4 Bc7 15. Qh4 0-0 16. 0-0 Nxe5 17. dxe5 Bxe5 18. Nxe5 f6 19. Nexg6 fxg5 20. Qxg5 Rf6 21. Rfe1 1-0

[Event "Hamar op"]
[Site "Hamar"]
[Date "2008.10.02"]
[Round "3"]
[White "Kaveldiget, Frode"]
[Black "Feragen, Erik"]
[Result "0-1"]
[WhiteElo "1505"]
[BlackElo "1465"]
[PlyCount "98"]
[EventDate "2008.09.04"]
[EventType "swiss"]
[EventRounds "7"]
[EventCountry "NOR"]
[SourceTitle "EXT 2024"]
[Source "ChessBase"]
[SourceDate "2023.10.10"]
[SourceVersion "1"]
[SourceVersionDate "2023.10.10"]
[SourceQuality "1"]

1. e4 c5 2. d4 cxd4 3. c3 d3 4. c4 d6 5. Bxd3 Nc6 6. h3 Nf6 7. Nf3 g6 8. Nc3 Bg7 9. 0-0 0-0 10. a3 a6 11. Bg5 Re8 12. Qd2 b6 13. Bh6 Bb7 14. Bxg7 Kxg7 15. Qg5 Nd7 16. b4 Nce5 17. Nxe5 Nxe5 18. Be2 Rc8 19. f4 Nxc4 20. f5 Ne5 21. Nd5 Bxd5 22. exd5 b5 23. fxg6 hxg6 24. Rf4 Rh8 25. Raf1 f6 26. Qg3 Qg8 27. Bg4 Nxg4 28. Rxg4 Rh6 29. Qe3 Rc7 30. Qb6 Qc8 31. Re4 Rh5 32. Qd4 Qb7 33. Rfe1 Kf7 34. Rd1 Qa7 35. Qxa7 Rxa7 36. Re3 Rc7 37. Red3 Rh4 38. Kf2 Rc2+ 39. R1d2 Rhc4 40. Ke3 f5 41. Rxc2 Rxc2 42. Rd2 Rxd2 43. Kxd2 Kf6 44. Ke3 Ke5 45. h4 Kxd5 46. Kf4 Ke6 47. Kg5 Kf7 48. h5 gxh5 49. Kxf5 e5 0-1

[Event "Hamar CC-ch"]
[Site "Hamar"]
[Date "2008.04.17"]
[Round "8"]
[White "Kaveldiget, Frode"]
[Black "Kristiansen, Ole Jakob"]
[Result "1/2-1/2"]
[WhiteElo "1509"]
[BlackElo "1807"]
[PlyCount "55"]
[EventDate "2008.01.03"]
[EventType "swiss"]
[EventRounds "9"]
[EventCountry "NOR"]
[SourceTitle "EXT 2024"]
[Source "ChessBase"]
[SourceDate "2023.10.10"]
[SourceVersion "1"]
[SourceVersionDate "2023.10.10"]
[SourceQuality "1"]

1. e4 c6 2. d4 d5 3. f3 dxe4 4. fxe4 e5 5. Nf3 Nf6 6. Bc4 Bg4 7. Bxf7+ Ke7 8. Bb3 Bxf3 9. Qxf3 Qxd4 10. Nc3 Nbd7 11. Be3 Qd6 12. Rd1 Qc7 13. 0-0 Re8 14. Rd2 Kd8 15. Rfd1 Kc8 16. Qh3 Rd8 17. Be6 h6 18. Kh1 Bb4 19. Bxa7 Bxc3 20. Qxc3 Nxe4 21. Bxd7+ Rxd7 22. Rxd7 Qxd7 23. Rxd7 Nxc3 24. Rxg7 Nxa2 25. Re7 Nb4 26. Rxe5 Nxc2 27. Bb6 Nb4 28. Re1 1/2-1/2

[Event "Hamar op"]
[Site "Hamar"]
[Date "2007.10.04"]
[Round "3"]
[White "Hoel, Ole"]
[Black "Kaveldiget, Frode"]
[Result "1-0"]
[WhiteElo "1676"]
[BlackElo "1459"]
[PlyCount "81"]
[EventDate "2007.09.06"]
[EventType "swiss"]
[EventRounds "7"]
[EventCountry "NOR"]
[SourceTitle "EXT 2024"]
[Source "ChessBase"]
[SourceDate "2023.10.10"]
[SourceVersion "1"]
[SourceVersionDate "2023.10.10"]
[SourceQuality "1"]

1. e4 e5 2. Nf3 f5 3. d4 fxe4 4. Nxe5 Nf6 5. Bg5 d6 6. Nc4 Nbd7 7. Be2 Be7 8. 0-0 0-0 9. Nbd2 Nd5 10. Bxe7 Qxe7 11. Ne3 Nf4 12. Bc4+ Kh8 13. Nd5 Qg5 14. Nxf4 Qxf4 15. Qe2 Nf6 16. f3 e3 17. Nb3 Bd7 18. Rad1 Rae8 19. Na1 b5 20. Bb3 c5 21. dxc5 dxc5 22. c3 Re5 23. a3 Rfe8 24. Nc2 Bf5 25. Ne1 c4 26. Bc2 Bxc2 27. Nxc2 Rh5 28. g3 Qc7 29. Rd4 Rhe5 30. Rfd1 h6 31. Ne1 Rg5 32. Ng2 Rge5 33. Nf4 Rg5 34. Kg2 Qb7 35. h4 Rf5 36. Qc2 e2 37. Qxf5 exd1Q 38. Rxd1 Kg8 39. Rd6 Qf7 40. Ng6 Kh7 41. Ne5+ 1-0

[Event "Hamar op"]
[Site "Hamar"]
[Date "2007.09.13"]
[Round "2"]
[White "Kaveldiget, Frode"]
[Black "Storli, Frode"]
[Result "1-0"]
[WhiteElo "1459"]
[BlackElo "1415"]
[PlyCount "57"]
[EventDate "2007.09.06"]
[EventType "swiss"]
[EventRounds "7"]
[EventCountry "NOR"]
[SourceTitle "EXT 2024"]
[Source "ChessBase"]
[SourceDate "2023.10.10"]
[SourceVersion "1"]
[SourceVersionDate "2023.10.10"]
[SourceQuality "1"]

1. e4 e5 2. f4 exf4 3. Nf3 Nf6 4. e5 Nd5 5. Bc4 Nb6 6. Bb3 Nc6 7. 0-0 g5 8. a4 a5 9. d4 h6 10. d5 Bc5+ 11. Kh1 Ne7 12. Nc3 Nf5 13. Ne4 Be3 14. Nf6+ Kf8 15. Ne4 Bxc1 16. Rxc1 Qe7 17. d6 cxd6 18. Nxd6 Nxd6 19. exd6 Qf6 20. c4 Qxb2 21. c5 Nxa4 22. Bxa4 b5 23. Qd5 Rb8 24. Ne5 Rh7 25. Bc2 Rg7 26. c6 dxc6 27. d7 Bxd7 28. Nxd7+ Kg8 29. Qxc6 1-0